000
00279nam a22001097a 4500
082
_a
910
100
_a
Pratiyogita Darpan
_9
167
245
_a
General Studies Geography ( India & World )
260
_a
Agra
_b
Pratiyogita Darpan
_c
2017
650
_a
Geography
942
_c
C. BOOKS
999
_c
66967
_d
66967